| 000 | 00000nas##2200000za#4500 |
|---|---|
| 001 | 9.509450 |
| 003 | CaOODSP |
| 005 | 20210603152943 |
| 007 | ta |
| 008 | 150406c2000||||xxc|| m #||||f| |0eng|d |
| 040 | |aCaOODSP|beng |
| 041 | |aeng |
| 041 | |afre |
| 043 | |an-cn--- |
| 086 | 1 |aJS73-2 |
| 110 | 2 |aCanadian Security Intelligence Service. |
| 245 | 10|aPerspectives |
| 260 | |aOttawa - Ontario : |bSolicitor General Canada. |
| 546 | |aBilingual |
| 563 | |aSoftcover |
| 792 | |tPerspectives |efre|w(CaOODSP)9.509451 |